000 01375cam a2200433 a 4500
001 38960
005 20230410124134.0
008 820830s1982 dcua b 001 0 eng
010 _a 78072966
035 _a(OCoLC)ocm08805396
040 _aDLC
_cDLC
_dBAKER
019 _a8597100
020 _a0894100114
020 _a9780894100116
020 _a0894100122 (pbk.)
020 _a9780894100123 (pbk.)
029 1 _aNLGGC
_b822468158
035 _a(OCoLC)8805396
_z(OCoLC)8597100
043 _anw-----
050 1 4 _aNA 7268
_bG676c 1982
082 0 0 _a720/.9729
049 _aGRAL
100 1 _aGosner, Pamela W.
245 1 0 _aCaribbean Georgian, the great and small houses of the West Indies /
_cPamela Gosner.
250 _a1st ed.
260 _aWashington, D.C. :
_bThree Continents Press,
_cc1982.
300 _axiv, 296 p. :
_bill. ;
_c29 cm.
504 _aBibliography: p. 285-289.
500 _aIncludes index.
650 0 _aArchitecture, Domestic
_zWest Indies.
650 0 _aVernacular architecture
_zWest Indies.
650 0 _aArchitecture, Georgian
_xInfluence.
650 4 _aCEH
650 4 _aColeccion Estudios Haitianos
938 _aBaker & Taylor
_bBKTY
_c30.00
_d34.95
_i1578890144
_n0000649370
_sactive
938 _aBaker & Taylor
_bBKTY
_c40.00
_d44.95
_i1578890152
_n0000446553
_sactive
942 _2lcc
_cbk
994 _aC0
_bDRFGD
999 _c71770
_d71770